कशासाठी ?पोटासाठी ! (Record no. 413112)

MARC details
000 -LEADER
fixed length control field 00503nam a2200145Ia 4500
008 - FIXED-LENGTH DATA ELEMENTS--GENERAL INFORMATION
fixed length control field 100122s9999 xx 000 0 und d
082 ## - DEWEY DECIMAL CLASSIFICATION NUMBER
Item number 26724
Classification number 823
100 ## - MAIN ENTRY--PERSONAL NAME
Personal name लागू चिंतामणी
245 ## - TITLE STATEMENT
Title कशासाठी ?पोटासाठी !
260 ## - PUBLICATION, DISTRIBUTION, ETC. (IMPRINT)
Name of publisher, distributor, etc दीप ज्योती प्रकाशन
Date of publication, distribution, etc 1978
300 ## - PHYSICAL DESCRIPTION
Extent 138
630 ## - SUBJECT ADDED ENTRY--UNIFORM TITLE
Uniform title कशासाठी ?पोटासाठी !
730 ## - ADDED ENTRY--UNIFORM TITLE
Uniform title कशासाठी ?पोटासाठी !
942 ## - ADDED ENTRY ELEMENTS (KOHA)
Koha item type Book
Holdings
Withdrawn status Lost status Damaged status Not for loan Home library Current library Date acquired Cost, normal purchase price Total Checkouts Full call number Barcode Date last seen Cost, replacement price Price effective from Koha item type Public note
        S.V. Pathak Library, Vile Parle S.V. Pathak Library, Vile Parle 08/24/1978 15.00   26724 SVPPARLE-26724 01/25/2010 15.00 01/25/2010 Book General NA